000 01160cam a22001934a 4500
005 20250605164131.0
008 250528s ||||||||||||||||||||||||d
035 _a18651
020 _a9419167609
040 _aGR-AtMCL
_bgre
_dGR-AtMCL
_eAACR2
245 1 _aLeisure and Recreation Management / Third Edition
260 _bE & Fn Spon,
_c1995
300 _a464
520 _aEssential reading for those involved at all levels in the planning, administration and management of recreation. Illustrations, Preface and Acknowledgements, Introduction and Structure and Significance of the Book, Play, Recreation, Leisure and the Needs of People, The Leisure ''Product'', Planning for Leisure, Trends in the Leisure Industry, Management, Programming Leisure and Recreation Services and Facilities, Marketing of Leisure and Recreation, Organization of Major Events, Staffing and Staff Structures in Leisure Services, Leisure and Recreation Management Education and Training, Towards Effective and Recreational Management: Some Conclusions, Answer Guidelines, Index.
700 1 _aTorkildsen George
_94915
942 _cBK
999 _c3996
_d3996